000
00287nam a22001217a 4500
008
260416b ||||| |||| 00| 0 eng d
041
_a
Shqip
080
_a
1.1
100
_a
19
101
_a
Kontabilitet
245
_a
Instituti për Kontabilitet Auditim Financa
_c
KAF
942
_2
udc
_c
BK
999
_c
60975
_d
60975